000 00937nam a2200229 a 4500
001 55138
003 BD-RjUL
005 20211209080223.0
008 161114s1950 ii ||||| |||| 00| f ben d
020 _c: Tk. 12.00
035 _a(BD-RjUL)55260
040 _aBD-RjUL
_bben
_cBD-RjUL
041 _aben
082 _223
_a891.44309
_bMAS 1950
100 _aমজুমদার, মোহিতলাল
_9118516
245 1 0 _aশ্রীকান্তের শরৎচন্দ্র /
_cমোহিতলাল মজুমদার
260 _aকলিকাতা :
_bবুকল্যাণ্ড প্রাইভেট লিমিটেড,
_c১৯৫০
300 _a[১০],৩৫৯ পৃ. ;
_c২৩ সেমি.
650 _aবাংলা উপন্যাস
_xইতিহাস ও সমালোচনা
_9120092
650 _aBengali Fiction
_xHistory and Criticism
_9118845
942 _2ddc
_cBK
999 _c55138
_d55138